000 00694nam a2200229Ia 4500
001 17221
003 GE_BSU
008 181216s||||||||xx |||||||||||||| ||und||
040 _cGE_BSU
080 _a821.353.1-1
100 _aერისთავი, თამარ
245 _aვარსკვლავიანი ცის ქვეშ
245 _bლექსები
245 _cრედ.ნ.ახალკაცი
260 _aთბილისი
260 _bმერანი
260 _c1986
300 _a78გვ. ; 17სმ.
653 _aვარსკვლავიანი ცის ქვეშ
653 _aლექსები
942 _cBK
999 _c50282
_d50282